000 00337pam a2200121a 44500
008 230405s2005 xxu||||| |||| 00| 0 eng d
041 _aENG
100 _aVERGNAUD J
245 _aASSESSING BIOAVAILABILITY OF DRUG DELIVERY SYSTEMS
260 _aNEW YORK
_bWILEY INTERSCIENCE PUBLICATION NEW YORK
_c2005
300 _a223
906 _a3315
999 _c268754
_d268754